Capitales mondiales les plus proches d'Ottawa - Statistiques

Statistiques générales
  • Ce quiz a été pris 83 fois
  • Le résultat moyen est 9 sur 20
Statistiques - réponses
km capitale % Correct
735 Washington
100%
3607 Mexico
96%
2556 La Havane
67%
3053 Kingston
62%
3699 Guatemala
57%
3003 Port-au-Prince
55%
3048 Saint-Domingue
55%
2274 Nassau
51%
3363 Belmopan
47%
3656 Tegucigalpa
47%
3755 San Salvador
45%
3840 Managua
39%
3403 Saint John's
36%
3611 Roseau
33%
3355 Basseterre
30%
3761 Castries
29%
2562 Nuuk
9%
3703 Oranjestad
7%
3763 Willemstad
7%
3267 Philipsburg
1%
Aucun quiz correspondant
Distribution des résultats
% des personnes avec chaque résultat
Percentile par nombre de réponses
Votre historique - résultats
Vous n’avez pas pris ce quiz